Un arte de vivir

Salvato in:
Dettagli Bibliografici
Autore principale: Maurois, André
Natura: Libro
Lingua:Undetermined
Pubblicazione: Buenos Aires, Argentina Hachette 1939
Soggetti:
Tags: Aggiungi Tag
Nessun Tag, puoi essere il primo ad aggiungerne!!

MARC

LEADER 00000nam a2200000Ia 4500
008 170316s9999 xx 000 0 und d
040 |a cru BVZT 
090 |a 840 M-16u 
100 |a Maurois, André 
245 |a Un arte de vivir 
260 |a Buenos Aires, Argentina 
260 |b Hachette 
260 |c 1939 
300 |a 227 páginas 
650 |a LITERATURA FRANCESA 
999 |c 7805  |d 7805 
942 |c 15 D  |h 840 M-16u  |2 z